000 00816am a2200301a 44500
003 AR-BaBNM
005 20251128211031.0
008 242020s2002 #AR|||||||||||000 | ing||
020 _a987-9460-39-1
040 _cAR-BaBNM
100 1 _aRabinovich, Pupi
245 1 0 _aThe world today on stage
_belementary
250 _a1ª ed.
260 _aBuenos Aires
_bLongman
_c2002
300 _a48 p.
_bil., tablas
504 _aContiene referencias bibliográficas y sitios web consultados p. 48
650 4 _aENSEÑANZA DE IDIOMAS
650 4 _aINGLES
650 4 _aADOLESCENTES
650 4 _aADULTOS
650 4 _aACTIVIDADES DE APRENDIZAJE
653 _aEDUCACION POLIMODAL
700 1 _aHarris, Michael
700 1 _aMower, David
700 1 _aSikorzynska, Anna
942 _cBK
998 _craquel
999 _c17972
_d17972